000 00772nam a22001817a 4500
003 NUST
005 20260119160144.0
082 _a621.382,KHA
100 _aKhan, Muhammad Zulfiqar Siddique
_9132834
245 _aRemote vehicle control and monitoring using 3G and GPS /
_cMuhammad Zulfiqar Siddique Khan and Awais Ahmad (BETE-50)
260 _aRawalpindi
_bMCS (NUST)
_cJune, 2017
300 _avi,64 p.;
505 _aIntroduction (Page-10, Literature Review (Page-6), Equipment Used (Page-10), Design and Implementation (Page-36), Results and Analysis (Page-39), Final Design (Page-60), Conclusion & Future work (Page-63).
650 _aUG Project
_9131132
651 _aBETE-50
_9132811
700 _aSupervised by Dr Adil Masood Siddique
_9132501
942 _2ddc
_cPR
999 _c615862
_d615862